Greeco-Roman Quiz - Statistics

General Stats
  • This quiz has been taken 10 times
  • The average score is 15 of 27
Answer Stats
Hint Answer % Correct
Ang Olive Oil ay isa rin sa pangunahing produkto ng kabihasnang ito Minoan
100%
Binibigay sa nanalo sa Olympic Games Wreath of Olives
100%
Nakatagpo ng Kabihasnang Minoan Arthur Evans
80%
Ang Trojan War ay napasiklab dahil sa pagdukotKay? Helen
80%
Laro para kay Hera Heraean Games
80%
Griyegong makata na nagsulat ng kuwentoTrojan War, popular na sulat rin ay ang Illiad at Odyssey Homer
80%
Ang Kabihasnang ito ay popular sa pag-gamitng bronze sa pakikipag-laban Mycenaean
80%
Palaro sa Athens na nagsimula noong 776 BCE Olympic Games
80%
Relihiyon ng Greece Polytheistic
80%
Panahon na kung saan paulit-ulit ang pagsalakaysa Mycenae Dark Ages
60%
Nakatagpo ng Kabihasnang Mycenaean at ang lungsod ng Troy Heinrich Schliemann
60%
Paraang military na ginagamit ng mga Griyego Infantry Phalanx
60%
Siya ang nagpasimula ng Authoritarian State Lycurgus
60%
Ang isa sa pinakamahahalagang haligi ng PanahongKlasikal Polis
60%
Ito ang lider na ibinoto ng mga tao Reformer
60%
Ginamit ng mga Spartans para mapasok ang Troy Trojan Horse
60%
Ito ang lider na gusto kunin ang loob ng ibang tao Tyrant
60%
Lumilibot na makata Bard
40%
Ito ang pinakamahalagang pamana ng Athens Demokrasya
40%
Citizen Army Hoplite
40%
Pinakamahalagang katangian ng Palasyosa kabihasnang Minoan Indoor Plumbing/Flush Toilet
40%
Pinakamahalagang pinuno noong Ginintuang Panahon Pericles
40%
Sentro ng taas Acropolis
20%
Tatlong uri ng column sa Greece Doric Ionic Corinthian
20%
Mga Reformer Solon Cleisthenes
20%
Tatlong lebel ng mga tao Spartiates Perioeci Helot
20%
Mga Tyrant Pisistratus, Hippias
0%
No matching quizzes found
Score Distribution
Percent of People with Each Score
Percentile by Number Answered
Your Score History
You have not taken this quiz